|
|
|
|
| LEADER |
01296nam a2200277 a 4500 |
| 001 |
18907 |
| 003 |
BD-DhAAL |
| 008 |
090729s1996 ii a b 001 0 eng d |
| 999 |
|
|
|c 2962
|d 2962
|
| 010 |
|
|
|a 76045089
|
| 020 |
|
|
|a 8123904398
|
| 040 |
|
|
|a DLC
|c DLC
|d DLC
|d BD-DhAAL
|
| 082 |
0 |
0 |
|a 543.08
|2 21
|
| 100 |
1 |
|
|a Sethi, P.D.
|9 44291
|
| 245 |
0 |
0 |
|a HPTLC, high performance thin-layer chromatography :
|b Quantitative analysis of pharmaceutical formulations /
|c P.D. Sethi
|
| 260 |
|
|
|a New Delhi :
|b CBS publishers & distributors,
|c 1996.
|
| 300 |
|
|
|a xvi, 459 pages :
|b illustrations ;
|c 25 cm.
|
| 504 |
|
|
|a Includes bibliographical references and index.
|
| 541 |
1 |
|
|e 18907
|
| 650 |
|
0 |
|a Thin layer chromatography.
|9 44292
|
| 650 |
|
0 |
|a Pharmacy.
|9 44293
|
| 852 |
4 |
|
|a Ayesha Abed Library
|j General shelf
|
| 942 |
|
|
|2 ddc
|c BK
|
| 952 |
|
|
|0 0
|1 0
|2 ddc
|4 0
|6 543_080000000000000_SET_1996
|7 0
|9 2678
|a BRACUL
|b BRACUL
|c GEN
|d 2009-08-18
|g 1990.00
|l 0
|o 543.08 SET
|p 3010018907
|r 2009-08-18
|t 1
|w 2009-08-18
|y BK
|
| 952 |
|
|
|0 0
|1 0
|2 ddc
|4 0
|6 543_080000000000000_SET_1996
|7 0
|9 12582
|a BRACUL
|b BRACUL
|c GEN
|d 2010-10-19
|l 0
|o 543.08 SET
|p 3010018908
|r 2010-10-19
|t 2
|w 2010-10-19
|y BK
|
| 952 |
|
|
|0 0
|1 0
|2 ddc
|4 0
|6 543_080000000000000_SET_1996
|7 0
|9 12583
|a BRACUL
|b BRACUL
|c GEN
|d 2010-10-19
|l 0
|o 543.08 SET
|p 3010018909
|r 2010-10-19
|t 3
|w 2010-10-19
|y BK
|